Countries by Location of 15 Biggest Cities on a Map - Statistics

General Stats
  • This quiz has been taken 77 times
  • The average score is 8 of 15
Answer Stats
Picture Answer % Correct
Chile
94%
Australia
93%
Japan
91%
Vietnam
70%
Brazil
69%
Norway
64%
Indonesia
52%
Canada
51%
New Zealand
51%
Italy
48%
China
39%
Egypt
37%
Mexico
28%
Democratic Republic of the Congo
24%
South Africa
22%
No matching quizzes found
Score Distribution
Percent of People with Each Score
Percentile by Number Answered
Your Score History
You have not taken this quiz